[Event "CYCC U14"]
[Site "Ottawa CAN"]
[Date "2013.07.12"]
[Round "5"]
[White "Zhang, Jeff"]
[Black "Luo, Alan"]
[Result "0-1"]
[WhiteElo "1500"]
[BlackElo "1221"]
[PlyCount "40"]
[GameId "2160767909334842"]
[EventDate "2013.07.10"]
[EventType "swiss"]
[EventRounds "6"]
[EventCountry "CAN"]
[SourceTitle "hb 2013"]

1. e4 e5 2. Nf3 d6 3. d4 exd4 4. Nxd4 Nf6 5. Nc3 Be7 6. Bc4 O-O 7. Be3 c5 8. Nde2 Be6 9. Bxe6 fxe6 10. Nf4 Qd7 11. e5 Ne8 12. exd6 Nxd6 13. Nd3 b6 14. O-O Nc6 15. Qg4 Nf5 16. Bg5 Bxg5 17. Qxg5 Rf6 18. Rad1 Nfd4 19. Ne5 Qb7 20. f3 Rf5 0-1

[Event "CYCC U14"]
[Site "Ottawa CAN"]
[Date "2013.07.12"]
[Round "6"]
[White "Belec, Eric"]
[Black "Mainville, Yanic"]
[Result "0-1"]
[WhiteElo "748"]
[BlackElo "905"]
[PlyCount "76"]
[GameId "2160767909334843"]
[EventDate "2013.07.10"]
[EventType "swiss"]
[EventRounds "6"]
[EventCountry "CAN"]
[SourceTitle "hb 2013"]

1. e4 e5 2. f4 exf4 3. Nf3 Nf6 4. Nc3 d5 5. d3 d4 6. Nb5 Nc6 7. Bxf4 Bd6 8. e5 Bb4+ 9. c3 dxc3 10. bxc3 Ba5 11. exf6 Qxf6 12. Bd2 O-O 13. Be2 Bb6 14. d4 Qg6 15. Ne5 Nxe5 16. dxe5 Bd7 17. Nd4 Qxg2 18. Bf3 Qg6 19. Bxb7 Rab8 20. Bc6 Bxc6 21. Nxc6 Qxc6 22. Rg1 Bxg1 23. Bg5 Bxh2 24. Qd2 Bg3+ 25. Kd1 h6 26. Bxh6 Rfd8 27. Bxg7 Kxg7 28. e6 Rxd2+ 29. Kxd2 Rd8+ 30. Kc2 Qe4+ 31. Kb2 Rb8+ 32. Kc1 Qe1+ 33. Kc2 Qxa1 34. Kd3 Rd8+ 35. Kc4 Qxa2+ 36. Kc5 fxe6 37. Kc6 Qa6+ 38. Kc5 Bf2+ 0-1

[Event "CYCC U14"]
[Site "Ottawa CAN"]
[Date "2013.07.12"]
[Round "6"]
[White "Cheung, Darren"]
[Black "Kong, Aaron"]
[Result "1-0"]
[WhiteElo "1210"]
[BlackElo "998"]
[PlyCount "139"]
[GameId "2160767909334844"]
[EventDate "2013.07.10"]
[EventType "swiss"]
[EventRounds "6"]
[EventCountry "CAN"]
[SourceTitle "hb 2013"]

1. e4 e5 2. f4 exf4 3. Nf3 Be7 4. h4 d6 5. d4 Nc6 6. Bxf4 Bg4 7. Bg3 a6 8. Nc3 Bf6 9. Bf2 Qd7 10. Qd2 O-O-O 11. Nh2 Kb8 12. Nd5 Re8 13. Nc3 Bf5 14. O-O-O Bxe4 15. d5 Bxc3 16. Qxc3 Ne5 17. Qd4 Nc6 18. dxc6 Qxc6 19. Bd3 Bxd3 20. Rxd3 Qxg2 21. Rdd1 Nf6 22. Rdg1 Qc6 23. Nf1 b6 24. Nd2 Rhg8 25. Re1 Rxe1+ 26. Rxe1 Qd5 27. Qxd5 Nxd5 28. Nb3 Kc8 29. a3 Kd7 30. Kd2 Re8 31. Rg1 g6 32. Rf1 f5 33. c4 Nf6 34. Kd3 c5 35. Nd2 Ne4 36. Nxe4 Rxe4 37. Rh1 Ke6 38. h5 d5 39. cxd5+ Kxd5 40. hxg6 hxg6 41. Rh8 c4+ 42. Kc3 b5 43. Rg8 Re6 44. Rd8+ Ke4 45. Rd1 Kf3 46. Bh4 f4 47. Rd7 Kg4 48. Bf2 g5 49. a4 Kf3 50. Bg1 g4 51. axb5 axb5 52. Rd5 Rb6 53. Bxb6 g3 54. Rf5 Kg4 55. Rf8 f3 56. Kb4 g2 57. Kxb5 Kg3 58. Kxc4 g1=Q 59. Bxg1 Kg2 60. b4 Kxg1 61. Rxf3 Kg2 62. Re3 Kf2 63. Kd4 Kg2 64. Ke4 Kf2 65. Kf4 Kg2 66. Rf3 Kh2 67. Rg3 Kh1 68. Kf3 Kh2 69. Kf2 Kh1 70. Rh3# 1-0

[Event "CYCC U14"]
[Site "Ottawa CAN"]
[Date "2013.07.12"]
[Round "6"]
[White "Colvin, Andrew"]
[Black "Xi, Jason"]
[Result "0-1"]
[WhiteElo "1043"]
[BlackElo "1293"]
[PlyCount "122"]
[GameId "2160767909334845"]
[EventDate "2013.07.10"]
[EventType "swiss"]
[EventRounds "6"]
[EventCountry "CAN"]
[SourceTitle "hb 2013"]

1. e4 c5 2. Nf3 d6 3. Nc3 Nc6 4. h3 Nf6 5. Bc4 Na5 6. Bb5+ Bd7 7. Bxd7+ Qxd7 8. d3 g6 9. Bg5 Bg7 10. Qd2 h5 11. a3 b5 12. Bxf6 exf6 13. Nd5 Nc6 14. O-O O-O 15. Rfe1 Rab8 16. Rab1 a5 17. c3 b4 18. axb4 axb4 19. c4 f5 20. exf5 Qxf5 21. b3 Rfe8 22. Rxe8+ Rxe8 23. Nh4 Qe5 24. Nf3 Qe2 25. Qxe2 Rxe2 26. Kf1 Ra2 27. Re1 Ne5 28. Nxe5 Bxe5 29. g3 Kg7 30. h4 Rb2 31. f4 Bd4 32. Re2 Rxb3 33. Rd2 Rb1+ 34. Ke2 Rb2 35. Nc7 Rxd2+ 36. Kxd2 Kf8 37. Ke2 Ke7 38. Nb5 Ke6 39. Nxd4+ cxd4 40. Kd2 Kf5 41. Kc2 Kg4 42. Kb3 Kf3 43. Kxb4 Ke3 44. c5 dxc5+ 45. Kxc5 Kxd3 46. Kd6 Ke2 47. Ke7 d3 48. Kxf7 d2 49. Kxg6 d1=Q 50. Kxh5 Kf2+ 51. g4 Kg3 52. f5 Qxg4+ 53. Kh6 Qxh4+ 54. Kg6 Qe4 55. Kf6 Kg4 56. Kg7 Qxf5 57. Kh6 Qg5+ 58. Kh7 Kf5 59. Kh8 Qe7 60. Kg8 Kg6 61. Kh8 Qh7# 0-1

[Event "CYCC U14"]
[Site "Ottawa CAN"]
[Date "2013.07.12"]
[Round "6"]
[White "D'Amore, Tyler"]
[Black "Zhang, Jeff"]
[Result "0-1"]
[WhiteElo "965"]
[BlackElo "1500"]
[PlyCount "62"]
[GameId "2160767909334846"]
[EventDate "2013.07.10"]
[EventType "swiss"]
[EventRounds "6"]
[EventCountry "CAN"]
[SourceTitle "hb 2013"]

1. e4 c5 2. Nc3 Nc6 3. f4 g6 4. Nf3 Bg7 5. Bb5 e6 6. d3 Nge7 7. Be3 Nd4 8. Bxd4 cxd4 9. Ne2 Nc6 10. O-O O-O 11. Qe1 a6 12. Ba4 b5 13. Bb3 Bb7 14. Rb1 d6 15. Qg3 Qb6 16. h3 Na5 17. Qf2 Nxb3 18. axb3 Qc5 19. Rfc1 Bh6 20. Qh4 Bg7 21. Kh1 e5 22. f5 gxf5 23. exf5 Bxf3 24. gxf3 Qc6 25. Qg3 Kh8 26. Qf2 Rg8 27. Ng3 Bh6 28. Rg1 Be3 29. Qh2 Bxg1 30. Rxg1 Qxf3+ 31. Qg2 Rxg3 0-1

[Event "CYCC U14"]
[Site "Ottawa CAN"]
[Date "2013.07.12"]
[Round "6"]
[White "Doknjas, John"]
[Black "Graif, William"]
[Result "1-0"]
[WhiteElo "2065"]
[BlackElo "2096"]
[PlyCount "109"]
[GameId "2160767909334847"]
[EventDate "2013.07.10"]
[EventType "swiss"]
[EventRounds "6"]
[EventCountry "CAN"]
[SourceTitle "hb 2013"]

1. d4 Nf6 2. c4 e6 3. Nc3 Bb4 4. e3 b6 5. Nge2 Ne4 6. Bd2 Nxd2 7. Qxd2 Nc6 8. a3 Be7 9. b4 Bf6 10. Ng3 d5 11. cxd5 exd5 12. Bb5 Bb7 13. Qa2 a6 14. Ba4 b5 15. Bb3 Ne7 16. Nh5 c6 17. Nxf6+ gxf6 18. O-O Nf5 19. Rfe1 Rg8 20. Ne2 Nd6 21. e4 dxe4 22. Ng3 Kf8 23. Qd2 Rg5 24. h4 Rg4 25. Qh6+ Kg8 26. Bd1 Rxg3 27. fxg3 Nf5 28. Qd2 Nxd4 29. Qc3 f5 30. Qe3 a5 31. Ra2 Ne6 32. Rd2 Qe7 33. Qc3 Nc7 34. Bb3 axb4 35. axb4 Na6 36. Red1 c5 37. Rd7 cxb4 38. Rxe7 bxc3 39. Rxb7 b4 40. Rxf7 Nc5 41. Ra7+ Nxb3 42. Rxa8+ Kf7 43. Rc8 e3 44. Rb1 Nd4 45. Kf1 Ke6 46. Ke1 Kd5 47. Rd8+ Kc5 48. Rxd4 Kxd4 49. Rxb4+ Kd3 50. Rb8 Kc2 51. Ke2 h5 52. Kxe3 Kc1 53. Kf4 c2 54. Kxf5 Kd1 55. Rc8 1-0

[Event "CYCC U14"]
[Site "Ottawa CAN"]
[Date "2013.07.12"]
[Round "6"]
[White "Forsyth, Dane"]
[Black "Cheung, Lukas"]
[Result "0-1"]
[WhiteElo "1038"]
[BlackElo "1496"]
[PlyCount "60"]
[GameId "2160767909334848"]
[EventDate "2013.07.10"]
[EventType "swiss"]
[EventRounds "6"]
[EventCountry "CAN"]
[SourceTitle "hb 2013"]

1. d4 Nf6 2. e3 e6 3. a3 b6 4. Nc3 Bb7 5. Nf3 c5 6. Be2 d5 7. Bb5+ Nbd7 8. Ne5 a6 9. Nxd7 Nxd7 10. Be2 c4 11. Bd2 Bd6 12. b4 b5 13. O-O Nf6 14. h3 h5 15. f4 Qe7 16. Qc1 O-O-O 17. Qb2 Rdg8 18. a4 Bxb4 19. Rfb1 a5 20. axb5 Nd7 21. Rd1 g5 22. Nb1 gxf4 23. Bxb4 axb4 24. exf4 Qh4 25. Rf1 Qxh3 26. Rf2 h4 27. Bf3 Qg3 28. Qxb4 h3 29. Ra3 h2+ 30. Kh1 Qxf2 0-1

[Event "CYCC U14"]
[Site "Ottawa CAN"]
[Date "2013.07.12"]
[Round "6"]
[White "Gariaev, Gleb"]
[Black "Kuttner, Simon"]
[Result "0-1"]
[WhiteElo "1199"]
[BlackElo "1877"]
[PlyCount "84"]
[GameId "2160767909334850"]
[EventDate "2013.07.10"]
[EventType "swiss"]
[EventRounds "6"]
[EventCountry "CAN"]
[SourceTitle "hb 2013"]

1. e4 c5 2. Nf3 Nc6 3. d4 cxd4 4. Nxd4 g6 5. Nc3 Bg7 6. Be3 Nf6 7. Qd2 Ng4 8. h3 Nxe3 9. fxe3 O-O 10. O-O-O d6 11. Bc4 Bd7 12. Rhf1 Rc8 13. Bb5 Ne5 14. Bxd7 Qxd7 15. Nde2 Nc4 16. Qd3 Qd8 17. Rf2 Qb6 18. b3 Nxe3 19. Na4 Qc6 20. Rd2 b5 21. Nb2 Qb6 22. Nf4 Bxb2+ 23. Kxb2 Nd1+ 24. Kb1 Nxf2 25. Nd5 Nxd3 26. Nxb6 axb6 27. Rxd3 Rc5 28. Rd5 Rfc8 29. Rxc5 bxc5 30. a4 bxa4 31. bxa4 Ra8 32. g4 Rxa4 33. Kb2 Rxe4 34. c3 f5 35. gxf5 gxf5 36. Kb3 f4 37. c4 f3 38. h4 f2 39. h5 f1=Q 40. h6 Qxc4+ 41. Kb2 Re2+ 42. Ka3 Ra2# 0-1

[Event "CYCC U14"]
[Site "Ottawa CAN"]
[Date "2013.07.12"]
[Round "6"]
[White "Laframboise, Ian"]
[Black "Brown, Nicholas"]
[Result "1-0"]
[WhiteElo "1013"]
[BlackElo "756"]
[PlyCount "101"]
[GameId "2160767909334851"]
[EventDate "2013.07.10"]
[EventType "swiss"]
[EventRounds "6"]
[EventCountry "CAN"]
[SourceTitle "hb 2013"]

1. d4 e5 2. e4 d5 3. Be3 Qf6 4. Nc3 c6 5. Bd3 Qg6 6. Qf3 Bg4 7. Qg3 f6 8. exd5 Ne7 9. Bxg6+ hxg6 10. Qxg4 Nxd5 11. Nxd5 cxd5 12. Qxg6+ Ke7 13. Bg5 fxg5 14. Qxg5+ Kd6 15. dxe5+ Ke6 16. O-O-O Be7 17. Qxg7 Rd8 18. c4 dxc4 19. Rxd8 Bxd8 20. Qxb7 Nc6 21. Qxc6+ Kxe5 22. f4+ Kd4 23. Qxa8 Bb6 24. Qh8+ Kd3 25. Ne2 Kxe2 26. Qf6 Kd3 27. Qxb6 axb6 28. f5 Ke4 29. Kd2 Kxf5 30. g4+ Kxg4 31. a4 Kf5 32. h4 Ke4 33. b3 cxb3 34. Kc3 Kd5 35. Rc1 Ke5 36. Kxb3 Kf5 37. a5 bxa5 38. Ka4 Kg4 39. Kxa5 Kxh4 40. Rg1 Kh3 41. Kb5 Kh2 42. Rg8 Kh3 43. Kc5 Kh4 44. Kd5 Kh5 45. Ke5 Kh6 46. Kf5 Kh7 47. Rg3 Kh8 48. Kf6 Kh7 49. Rg2 Kh8 50. Kf7 Kh7 51. Rh2# 1-0

[Event "CYCC U14"]
[Site "Ottawa CAN"]
[Date "2013.07.12"]
[Round "6"]
[White "Lee, Nicholas"]
[Black "Nitu, Vladimir"]
[Result "1/2-1/2"]
[WhiteElo "1750"]
[BlackElo "1402"]
[PlyCount "58"]
[GameId "2160767909334852"]
[EventDate "2013.07.10"]
[EventType "swiss"]
[EventRounds "6"]
[EventCountry "CAN"]
[SourceTitle "hb 2013"]

1. e4 e6 2. d4 d5 3. Nd2 Nf6 4. e5 Nfd7 5. f4 c5 6. c3 Nc6 7. Ndf3 Be7 8. Bd3 f6 9. Ne2 O-O 10. O-O Qb6 11. Kh1 cxd4 12. cxd4 f5 13. a3 Qd8 14. Ng5 Nb6 15. Be3 Qe8 16. Rc1 Bd7 17. b4 a6 18. Nc3 Na7 19. Be2 h6 20. Nf3 Nb5 21. Nxb5 Bxb5 22. Bxb5 Qxb5 23. Rc7 Bd8 24. Rc5 Qd7 25. Nd2 Be7 26. Rc1 Rac8 27. Qe2 Rxc1 28. Rxc1 Rc8 29. Qd1 Rc6 1/2-1/2

[Event "CYCC U14"]
[Site "Ottawa CAN"]
[Date "2013.07.12"]
[Round "6"]
[White "Lee, Stefano"]
[Black "Balachandran, Shesan"]
[Result "1/2-1/2"]
[WhiteElo "954"]
[BlackElo "1250"]
[PlyCount "153"]
[GameId "2160767909334853"]
[EventDate "2013.07.10"]
[EventType "swiss"]
[EventRounds "6"]
[EventCountry "CAN"]
[SourceTitle "hb 2013"]

1. e4 e5 2. Nf3 Nc6 3. Bc4 Nf6 4. Nc3 Bb4 5. d3 O-O 6. O-O Bxc3 7. bxc3 d5 8. exd5 Nxd5 9. Be3 Nxc3 10. Qd2 Na4 11. Rfe1 Re8 12. Bb5 Nb6 13. Bxc6 bxc6 14. Bxb6 cxb6 15. Nxe5 Bb7 16. Qf4 Qc7 17. Qg3 Re7 18. Nf3 Qxg3 19. hxg3 Rxe1+ 20. Rxe1 h6 21. Nd4 c5 22. Nf5 Kh7 23. Nd6 Bd5 24. a3 a6 25. Re7 Kg6 26. Re3 b5 27. Re5 Ba2 28. Rxc5 Bb1 29. Kf1 Rd8 30. Rc6 f6 31. f4 Bxc2 32. f5+ Kh5 33. Ke2 a5 34. Kd2 Bb1 35. Rc1 Bxd3 36. Kxd3 Rxd6+ 37. Ke4 b4 38. Kf3 Rd3+ 39. Kf4 g5+ 40. fxg6 Kxg6 41. axb4 axb4 42. Rb1 b3 43. g4 Rc3 44. Rb2 Kf7 45. Ke4 Rc4+ 46. Kf3 Rb4 47. Kf2 Ke6 48. Ke2 Kd5 49. Kd3 Rxg4 50. Kc3 Rg3+ 51. Kb4 h5 52. Rd2+ Ke4 53. Re2+ Re3 54. Rd2 Kf4 55. Rf2+ Kg3 56. Rb2 f5 57. Kc4 f4 58. Kd4 h4 59. Rd2 h3 60. gxh3 Kxh3 61. Rb2 Kg3 62. Rd2 Re7 63. Rd3+ Re3 64. Rd2 Kg4 65. Rg2+ Kf5 66. Rf2 Kg4 67. Rb2 Rg3 68. Ke4 f3 69. Ke3 Kh3 70. Rf2 Kh4 71. Rb2 Rg2 72. Rxb3 f2 73. Rb4+ Kg3 74. Rf4 Rg1 75. Rxf2 Re1+ 76. Re2 Ra1 77. Rd2 1/2-1/2

[Event "CYCC U14"]
[Site "Ottawa CAN"]
[Date "2013.07.12"]
[Round "6"]
[White "Li, Michael"]
[Black "Baskaran, Karthik"]
[Result "1-0"]
[WhiteElo "1946"]
[BlackElo "1368"]
[PlyCount "95"]
[GameId "2160767909334854"]
[EventDate "2013.07.10"]
[EventType "swiss"]
[EventRounds "6"]
[EventCountry "CAN"]
[SourceTitle "hb 2013"]

1. d4 d5 2. c4 e6 3. Nc3 c6 4. Nf3 Nf6 5. g3 Nbd7 6. Bg2 dxc4 7. a4 Be7 8. O-O O-O 9. Re1 Nb6 10. e4 a5 11. Be3 Bb4 12. Qc2 Nbd7 13. Nd2 b6 14. Nxc4 Ba6 15. Nd2 c5 16. e5 Ng4 17. Qe4 Nxe3 18. fxe3 Rb8 19. Qf4 Qe7 20. Nde4 cxd4 21. exd4 f6 22. exf6 Nxf6 23. Ng5 Nd7 24. Qg4 e5 25. Bd5+ Kh8 26. Nxh7 Rf6 27. Nxf6 Qxf6 28. Qxd7 exd4 29. Re8+ Rxe8 30. Qxe8+ Kh7 31. Qh5+ Qh6 32. Qxh6+ Kxh6 33. Nb5 d3 34. Rd1 d2 35. Kf2 Bc8 36. Bf3 Be6 37. Nd4 Bd7 38. Nc6 Bc5+ 39. Ke2 Bxc6 40. Bxc6 Kg5 41. Rxd2 Kg4 42. Rd5 Kh3 43. Rxc5 Kxh2 44. Rg5 g6 45. Rxg6 Kh3 46. Kf2 b5 47. Bd7+ Kh2 48. Rh6# 1-0

[Event "CYCC U14"]
[Site "Ottawa CAN"]
[Date "2013.07.12"]
[Round "6"]
[White "Li, Yinshi"]
[Black "Yu, Robin"]
[Result "1-0"]
[WhiteElo "2081"]
[BlackElo "1751"]
[PlyCount "55"]
[GameId "2160767909334855"]
[EventDate "2013.07.10"]
[EventType "swiss"]
[EventRounds "6"]
[EventCountry "CAN"]
[SourceTitle "hb 2013"]

1. d4 Nf6 2. c4 c5 3. Nf3 e6 4. g3 d5 5. cxd5 Nxd5 6. Bg2 Nc6 7. O-O Be7 8. Nc3 Nf6 9. dxc5 Qxd1 10. Rxd1 Bxc5 11. Bf4 Ng4 12. Ne4 Bb6 13. h3 Nf6 14. Nc3 a6 15. Bd6 Ne7 16. Rac1 Nfd5 17. Ne5 Nf5 18. Nc4 Bd8 19. Nxd5 exd5 20. Bxd5 Be6 21. Bxb7 Ra7 22. Bc6+ Bd7 23. Bb8 Bxc6 24. Bxa7 Ke7 25. Ne5 Ba4 26. Nc6+ Bxc6 27. Rxc6 a5 28. Bc5+ 1-0

[Event "CYCC U14"]
[Site "Ottawa CAN"]
[Date "2013.07.12"]
[Round "6"]
[White "Lin, Alex"]
[Black "Luo, Alan"]
[Result "1-0"]
[WhiteElo "1809"]
[BlackElo "1221"]
[PlyCount "55"]
[GameId "2160767909334856"]
[EventDate "2013.07.10"]
[EventType "swiss"]
[EventRounds "6"]
[EventCountry "CAN"]
[SourceTitle "EXT 2022"]
[Source "ChessBase"]
[SourceDate "2021.10.06"]
[SourceVersion "1"]
[SourceVersionDate "2021.10.06"]
[SourceQuality "1"]

1. e4 e5 2. Bc4 Nf6 3. d3 Nc6 4. Nf3 Be7 5. c3 d6 6. Nbd2 Bg4 7. Qb3 O-O 8. Qxb7 Na5 9. Qa6 c5 10. b4 Nxc4 11. Qxc4 cxb4 12. cxb4 Qb6 13. a3 Rac8 14. Qb3 Be6 15. Qb1 Ng4 16. O-O f5 17. Bb2 fxe4 18. dxe4 Kh8 19. h3 Nf6 20. Qd3 Nh5 21. Rfc1 Rxc1+ 22. Rxc1 Bh4 23. Qf1 Bg3 24. Nc4 Bxc4 25. Rxc4 Nf4 26. Bc1 Nd3 27. Be3 Bxf2+ 28. Bxf2 1-0

[Event "CYCC U14"]
[Site "Ottawa CAN"]
[Date "2013.07.12"]
[Round "6"]
[White "Mills, Kyle"]
[Black "Page, Shawn"]
[Result "0-1"]
[WhiteElo "665"]
[BlackElo "1052"]
[PlyCount "76"]
[GameId "2160767909334857"]
[EventDate "2013.07.10"]
[EventType "swiss"]
[EventRounds "6"]
[EventCountry "CAN"]
[SourceTitle "hb 2013"]

1. Nf3 d5 2. c4 Nf6 3. Qa4+ Nc6 4. cxd5 Nxd5 5. e4 Nf6 6. Qb3 e6 7. Qa4 Bd7 8. Qb3 Bc5 9. Bb5 O-O 10. d4 Bxd4 11. Nxd4 Nxd4 12. Qg3 Nc2+ 13. Kd1 Nxa1 14. e5 Ne4 15. Qh3 Bxb5+ 16. Bd2 Bd3 17. Qe3 Bxb1 18. Ke2 Nxd2 19. Rd1 Nc2 20. Qxd2 Qxd2+ 21. Rxd2 Nb4 22. a3 Nc6 23. g3 Rfd8 24. Rxd8+ Rxd8 25. f4 Be4 26. Ke3 Bf5 27. b4 a5 28. b5 Na7 29. a4 c5 30. bxc6 bxc6 31. Kf3 c5 32. g4 Bb1 33. f5 exf5 34. gxf5 Bxf5 35. Kf4 Be6 36. h4 c4 37. Kg5 Rd4 38. h5 h6# 0-1

[Event "CYCC U14"]
[Site "Ottawa CAN"]
[Date "2013.07.12"]
[Round "6"]
[White "Saha, Ananda"]
[Black "Cao, Jason"]
[Result "1-0"]
[WhiteElo "1816"]
[BlackElo "2239"]
[PlyCount "89"]
[GameId "2160767909334858"]
[EventDate "2013.07.10"]
[EventType "swiss"]
[EventRounds "6"]
[EventCountry "CAN"]
[SourceTitle "hb 2013"]

1. d4 Nf6 2. c4 e6 3. Nc3 Bb4 4. e3 O-O 5. Nge2 d5 6. a3 Be7 7. cxd5 exd5 8. g3 Re8 9. Bg2 c6 10. O-O Bd6 11. Qc2 Nbd7 12. b4 Nb6 13. b5 Bd7 14. bxc6 Bxc6 15. a4 Nc4 16. Nxd5 Bxd5 17. Bxd5 Nxd5 18. Qxc4 Nf6 19. Ba3 Bxa3 20. Rxa3 Qd7 21. Qb5 Qg4 22. f3 Qh3 23. Nf4 Qc8 24. e4 Rd8 25. e5 Nd7 26. Nd5 Qc2 27. Rc3 Qd2 28. Rd3 Qc2 29. Qb3 Qxb3 30. Rxb3 Nxe5 31. Ne7+ Kf8 32. dxe5 Kxe7 33. Rxb7+ Ke6 34. f4 Rd4 35. f5+ Kxe5 36. Rxf7 Rxa4 37. Rxg7 h5 38. f6 Rf8 39. Re7+ Kd6 40. Rd1+ Kc6 41. f7 a5 42. Rf1 Rd4 43. Re8 Rd8 44. Rxd8 Rxd8 45. f8=Q 1-0

[Event "CYCC U14"]
[Site "Ottawa CAN"]
[Date "2013.07.12"]
[Round "6"]
[White "Shi, Diwen"]
[Black "Michelashvili, Alexandre"]
[Result "1-0"]
[WhiteElo "2030"]
[BlackElo "1776"]
[PlyCount "47"]
[GameId "2160767909334859"]
[EventDate "2013.07.10"]
[EventType "swiss"]
[EventRounds "6"]
[EventCountry "CAN"]
[SourceTitle "hb 2013"]

1. e4 e5 2. Nf3 Nc6 3. Bb5 a6 4. Ba4 Nf6 5. d3 b5 6. Bb3 d6 7. a4 b4 8. a5 d5 9. exd5 Nxd5 10. O-O Bb7 11. Re1 Be7 12. Nbd2 O-O 13. Nc4 Nf6 14. Ncxe5 Nxe5 15. Nxe5 Bd6 16. Bg5 Bxe5 17. Rxe5 Qd4 18. Bxf6 gxf6 19. Re7 Qc5 20. Qe2 Qg5 21. f3 f5 22. Rxc7 Ra7 23. Qf2 Rfa8 24. Rxf7 1-0

[Event "CYCC U14"]
[Site "Ottawa CAN"]
[Date "2013.07.12"]
[Round "6"]
[White "Webster, Thomas"]
[Black "Godbout, Gordan"]
[Result "1-0"]
[WhiteElo "1124"]
[BlackElo "615"]
[PlyCount "29"]
[GameId "2160767909334860"]
[EventDate "2013.07.10"]
[EventType "swiss"]
[EventRounds "6"]
[EventCountry "CAN"]
[SourceTitle "hb 2013"]

1. e4 Nh6 2. d4 g6 3. Nf3 Bg7 4. g3 O-O 5. Bg2 e6 6. O-O Qf6 7. Bg5 Qxg5 8. Nxg5 Bxd4 9. Qxd4 Nc6 10. Qd2 b6 11. Nf3 Ba6 12. Rd1 Rac8 13. Qxh6 Be2 14. Ng5 Rfe8 15. Qxh7+ 1-0

[Event "CYCC U14"]
[Site "Ottawa CAN"]
[Date "2013.07.12"]
[Round "6"]
[White "Yang, Ryan2"]
[Black "Wang, Edward"]
[Result "1/2-1/2"]
[WhiteElo "1866"]
[BlackElo "1303"]
[PlyCount "101"]
[GameId "2160767909334861"]
[EventDate "2013.07.10"]
[EventType "swiss"]
[EventRounds "6"]
[EventCountry "CAN"]
[SourceTitle "hb 2013"]

1. e4 c6 2. d4 d5 3. Nc3 dxe4 4. Nxe4 Nd7 5. Nf3 Ngf6 6. Nxf6+ Nxf6 7. Be3 Bf5 8. Bd3 Bxd3 9. Qxd3 e6 10. O-O Be7 11. c4 c5 12. Rfd1 cxd4 13. Nxd4 O-O 14. Qe2 Qc7 15. Nb5 Qc6 16. Rac1 b6 17. Nd4 Qc7 18. Nf3 Rfd8 19. Bd4 Rac8 20. Be5 Rxd1+ 21. Qxd1 Qd7 22. Qe2 b5 23. Rd1 Qb7 24. cxb5 Rc5 25. a4 Nd5 26. Bd4 Rc8 27. Ne5 Nf4 28. Qf1 Rc2 29. Nc6 Ne2+ 30. Kh1 Nxd4 31. Rxd4 Rxb2 32. Qd3 g6 33. Nxe7+ Qxe7 34. h3 Rxf2 35. Rd8+ Kg7 36. Qd4+ Qf6 37. Qxf6+ Kxf6 38. Rd7 Kg5 39. Kg1 Rb2 40. Rxa7 e5 41. Rxf7 Ra2 42. Ra7 e4 43. b6 e3 44. b7 Ra1+ 45. Kh2 e2 46. b8=Q e1=Q 47. Qb5+ Kh6 48. Qc5 Qh1+ 49. Kg3 Qe1+ 50. Kf3 Qf1+ 51. Kg3 1/2-1/2

[Event "CYCC U14"]
[Site "Ottawa CAN"]
[Date "2013.07.12"]
[Round "6"]
[White "Ye, Hanyuan"]
[Black "Lachance, Tristan"]
[Result "1-0"]
[WhiteElo "1750"]
[BlackElo "937"]
[PlyCount "49"]
[GameId "2160767909334862"]
[EventDate "2013.07.10"]
[EventType "swiss"]
[EventRounds "6"]
[EventCountry "CAN"]
[SourceTitle "hb 2013"]

1. e4 c5 2. Nf3 d6 3. d4 cxd4 4. Nxd4 Nf6 5. Nc3 a6 6. Be3 e5 7. Nb3 g6 8. f3 Bg7 9. Qd2 Nc6 10. O-O-O Bf8 11. g4 Be6 12. h4 b5 13. h5 b4 14. Nd5 a5 15. Bb6 Nxe4 16. fxe4 Qb8 17. Bb5 Bxd5 18. Qxd5 Ke7 19. Bxc6 Ra6 20. Rhf1 f6 21. Nc5 Qc8 22. Nxa6 Qxa6 23. Qxd6+ Kf7 24. Be8+ Kxe8 25. Qd7# 1-0

[Event "CYCC U14"]
[Site "Ottawa CAN"]
[Date "2013.07.12"]
[Round "6"]
[White "Zhong, Joey"]
[Black "Yu, Wenlu"]
[Result "0-1"]
[WhiteElo "2033"]
[BlackElo "2032"]
[PlyCount "68"]
[GameId "2160767909334863"]
[EventDate "2013.07.10"]
[EventType "swiss"]
[EventRounds "6"]
[EventCountry "CAN"]
[SourceTitle "hb 2013"]

1. e4 c5 2. Nc3 d6 3. f4 g6 4. Nf3 Bg7 5. d4 cxd4 6. Nxd4 a6 7. Be3 Nc6 8. Be2 Nf6 9. Nb3 Be6 10. g4 Rc8 11. f5 Bxb3 12. cxb3 Qa5 13. O-O h6 14. fxg6 fxg6 15. Bc4 Qe5 16. Re1 h5 17. g5 Ng4 18. Qd2 b5 19. Bd5 Nb4 20. Rac1 Nd3 21. Rf1 Nxc1 22. Bf7+ Kd7 23. Nd5 Rc6 24. Rxc1 Rxc1+ 25. Qxc1 Qxh2+ 26. Kf1 Qh1+ 27. Bg1 Qf3+ 28. Ke1 Qxe4+ 29. Kd1 Qd3+ 30. Ke1 Qg3+ 31. Kf1 Qf3+ 32. Ke1 Qxf7 33. Nb6+ Ke6 34. Qc6 Qf5 0-1

[Event "CYCC U14 w"]
[Site "Ottawa CAN"]
[Date "2013.07.10"]
[Round "1"]
[White "Bai, Minya"]
[Black "Peng, Janet"]
[Result "0-1"]
[WhiteElo "1201"]
[BlackElo "1537"]
[PlyCount "96"]
[GameId "2160767909334864"]
[EventDate "2013.07.10"]
[EventType "swiss"]
[EventRounds "6"]
[EventCountry "CAN"]
[SourceTitle "EXT 2022"]
[Source "ChessBase"]
[SourceDate "2021.10.06"]
[SourceVersion "1"]
[SourceVersionDate "2021.10.06"]
[SourceQuality "1"]

1. c4 e6 2. Nc3 Nf6 3. Nf3 b6 4. g3 Bb7 5. Bg2 c5 6. b3 Nc6 7. Bb2 Be7 8. O-O O-O 9. e3 Ba6 10. Re1 Qc7 11. Qc2 d5 12. cxd5 Nb4 13. Qb1 Bd3 14. d6 Qxd6 15. Qc1 Nc2 16. Nb5 Qd8 17. Ne5 Nxe1 18. Nc6 Qd7 19. Nxe7+ Qxe7 20. Na3 Nxg2 21. Kxg2 Bf5 22. Nc4 Rfd8 23. Bc3 Ne4 24. Qb2 Nxc3 25. Qxc3 Qg5 26. h4 Qg4 27. Kf1 Qh3+ 28. Ke2 Bg4+ 29. f3 Qg2+ 30. Kd1 Qxf3+ 31. Kc2 Qe4+ 32. Kc1 Be2 33. Kb2 Bxc4 34. bxc4 Rd3 35. Qc2 Rad8 36. Rd1 Qf3 37. Kb1 Qxg3 38. Kc1 Qxh4 39. Kb1 b5 40. Kc1 bxc4 41. a4 c3 42. a5 Rxd2 43. Rxd2 cxd2+ 44. Kb1 d1=Q+ 45. Qxd1 Rxd1+ 46. Kc2 Qa4+ 47. Kb2 Rd2+ 48. Kc3 Qc2# 0-1

[Event "CYCC U14 w"]
[Site "Ottawa CAN"]
[Date "2013.07.10"]
[Round "1"]
[White "Forshaw, Erica"]
[Black "Kathirkamar, Vaanie"]
[Result "1-0"]
[WhiteElo "1386"]
[BlackElo "945"]
[PlyCount "125"]
[GameId "2160767909334865"]
[EventDate "2013.07.10"]
[EventType "swiss"]
[EventRounds "6"]
[EventCountry "CAN"]
[SourceTitle "EXT 2022"]
[Source "ChessBase"]
[SourceDate "2021.10.06"]
[SourceVersion "1"]
[SourceVersionDate "2021.10.06"]
[SourceQuality "1"]

1. c4 e5 2. g3 Nc6 3. Bg2 f5 4. Nc3 Bb4 5. Nd5 Be7 6. d3 d6 7. e3 Bf6 8. Ne2 Be6 9. Nec3 e4 10. Qc2 Bxc3+ 11. Qxc3 Nf6 12. Nxf6+ gxf6 13. dxe4 fxe4 14. Bxe4 Qe7 15. Bg2 O-O-O 16. O-O Rdf8 17. b3 Qd7 18. Rd1 Bh3 19. Bh1 Ne5 20. f3 Qf5 21. e4 Qh5 22. Bf4 Rfg8 23. Rac1 Rg7 24. Kf2 Rhg8 25. Rg1 Kb8 26. b4 Qe8 27. Rgd1 f5 28. exf5 Bxf5 29. c5 Re7 30. cxd6 cxd6 31. Rxd6 Ka8 32. Bxe5 Rxe5 33. Re1 Rxe1 34. Qxe1 Qf8 35. Qe5 Qc8 36. Qc5 Qf8 37. f4 Bg4 38. Ra6 Qxc5+ 39. bxc5 Kb8 40. Rd6 Re8 41. Bf3 Bc8 42. g4 b6 43. cxb6 axb6 44. Rxb6+ Ka7 45. Rh6 Re7 46. f5 Rd7 47. f6 Kb8 48. g5 Bb7 49. Bxb7 Rxb7 50. g6 hxg6 51. Rxg6 Rb2+ 52. Ke3 Rxh2 53. f7 Rh3+ 54. Kf4 Rh8 55. Rg8+ Rxg8 56. fxg8=Q+ Kc7 57. Qd5 Kb6 58. Qc4 Ka5 59. Qb3 Ka6 60. Ke5 Ka7 61. Kd6 Ka8 62. Kc7 Ka7 63. Qb7# 1-0